| Поле | Название | Значение |
| |
Тип записи |
a |
| |
Библиографический уровень |
m |
| 001 |
Контрольный номер |
RU/URAIT/583677 |
| 005 |
Дата корректировки |
20260429163627.3 |
| 008 |
Кодируемые данные |
260429s2026 RU y f j 000 0 rus u |
| 020 |
Индекс ISBN |
__ |
| a |
ISBN |
978-5-534-14019-4 |
| c |
Цена, тираж |
1229.00 |
| 040 |
Источник каталогиз. |
__ |
| a |
Служба первич. каталог. |
ИКО Юрайт |
| c |
Служба, преобразующая запись |
ИКО Юрайт |
| e |
Правила каталог. |
RCR |
| 041 |
Код языка издания |
__ |
| a |
Код языка текста |
rus |
| 044 |
Код страны публикации |
__ |
| a |
Код страны публикации |
RU |
| 080 |
Индекс УДК |
__ |
| a |
Индекс УДК |
347.9(075.8) |
| 084 |
Индекс другой классификации/Индекс ББК |
__ |
| 2 |
Источник индекса |
rubbk |
| a |
Индекс другой классификации/Индекс ББК |
67.410я73 |
| 100 |
Автор |
__ |
| a |
Автор |
Гальперин М. Л. |
| q |
Полное имя |
Гальперин Михаил Львович |
| 245 |
Заглавие |
__ |
| a |
Заглавие |
Исполнительное производство. Практикум |
| b |
Продолж. заглавия |
учебник для вузов |
| c |
Ответственность |
М. Л. Гальперин. |
| 250 |
Сведения об издании |
__ |
| a |
Основные сведения об издании |
2-е изд. |
| 256 |
Характеристики компьютерного файла |
__ |
| a |
Характеристики компьютерного файла |
Электрон. дан. |
| 260 |
Выходные данные |
__ |
| a |
Место издания |
Москва |
| b |
Издательство |
Юрайт |
| c |
Дата издания |
2026 |
| 300 |
Физическое описание |
__ |
| a |
Объем |
216 с |
| 440 |
Серия |
__ |
| a |
Серия |
Высшее образование |
| 500 |
Примечания |
__ |
| a |
Примечание |
URL: https://urait.ru/bcode/583677 (дата обращения: 29.04.2026). |
| 520 |
Аннотация |
__ |
| a |
Аннотация |
Обновленная редакция практикума продолжает серию учебных пособий, следуя за выдержавшим несколько изданий авторским учебником по исполнительному производству. Практикум не только призван познакомить читателя с институтами исполнительного производства, но и направлен на развитие аналитических способностей, приобретение необходимых студенту профессиональных навыков применения и толкования закона. Цель книги — позволить понять логику законодателя и суда, научить мыслить и рассуждать как современного юриста. Настоящий практикум - не просто свод задач, а систематизированный сборник наиболее важных и интересных судебных прецедентов, ознакомление с которыми необходимо любому юристу, изучающему и применяющему законодательство об исполнительном производстве. Каждое задание в основной части практикума — реальное судебное дело. Таким образом, при работе с книгой читатель не только закрепляет теоретические знания, но и приобретает новые, знакомясь с актуальными правовыми позициями, которые пригодятся в профессиональной деятельности. Соответствует актуальным требованиям Федерального государственного образовательного стандарта высшего образования. |
| 538 |
Прим. о системных особенностях |
__ |
| a |
Прим. о системных особенностях |
Режим доступа: Электронно-библиотечная система Юрайт, для авториз. пользователей |
| 653 |
Ключевые слова |
__ |
| a |
Ключевые слова |
Гражданский и арбитражный процесс |
| 653 |
Ключевые слова |
__ |
| a |
Ключевые слова |
Юридические науки |
| 653 |
Ключевые слова |
__ |
| a |
Ключевые слова |
Исполнительное производство |
| 653 |
Ключевые слова |
__ |
| a |
Ключевые слова |
Исполнительное производство в системе правового обеспечения национальной безопасности |
| 653 |
Ключевые слова |
__ |
| a |
Ключевые слова |
Исполнительное производство в Российской Федерации |
| 653 |
Ключевые слова |
__ |
| a |
Ключевые слова |
Исполнительное производство по гражданским делам |
| 653 |
Ключевые слова |
__ |
| a |
Ключевые слова |
Исполнительное производство по административным делам |
| 856 |
Электронный адрес документа |
40 |
| n |
Местонахождение сервера |
Юрайт |
| g |
|
Электронная книга |
| q |
Тип электронного формата |
html |
| h |
Имя пользователя |
ЮРАЙТ |
| v |
Часы доступа к ресурсу |
20271231 |
| 2 |
Способ доступа |
Показать документ |
| x |
Служебное примечание |
https://urait.ru/book/cover/6698B7D5-449D-4691-87A4-436964F9157D |
| u |
URL |
https://urait.ru/bcode/583677 |
| 856 |
Электронный адрес документа |
48 |
| q |
Тип электронного формата |
cover |
| u |
URL |
https://urait.ru/book/cover/6698B7D5-449D-4691-87A4-436964F9157D |
| 911 |
|
__ |
| u |
|
0030=https://urait.ru/bcode/583677 |
| 911 |
|
__ |
| u |
|
073a=9785534140194 |
| u |
|
073d=1229.00 |
| 911 |
|
__ |
| u |
|
106a=s |
| 911 |
|
__ |
| u |
|
900l= |
| 952 |
Тип литературы |
__ |
| i |
Дисциплина |
Исполнительное производство |
| 952 |
Тип литературы |
__ |
| i |
Дисциплина |
Исполнительное производство в системе правового обеспечения национальной безопасности |
| 952 |
Тип литературы |
__ |
| i |
Дисциплина |
Исполнительное производство в Российской Федерации |
| 952 |
Тип литературы |
__ |
| i |
Дисциплина |
Исполнительное производство по гражданским делам |
| 952 |
Тип литературы |
__ |
| i |
Дисциплина |
Исполнительное производство по административным делам |